000 00456nam a22001817a 4500
003 MPLRDC
005 20220104113548.0
008 210129b ||||| |||| 00| 0 eng d
082 _a857.62 SBQZ v.14 c.2
100 _a松本清张
245 _a天才女画家
_c朱佩兰译
250 _a初版
260 _a
_b林白出版社
_c1985
300 _b
490 _a松本清张选集. 14
650 _a推理小说
942 _cBK
_o857.62 SBQZ v.14 c.2
999 _c621
_d611